[Event "3rd Cup"]
[Site "Berazategui ARG"]
[Date "2008.05.03"]
[Round "4"]
[White "Meza,H"]
[Black "Perdomo,C"]
[Result "0-1"]
[WhiteElo "2257"]
[BlackElo "2353"]

1.d4 Nf6 2.Bg5 e6 3.e3 c5 4.c3 h6 5.Bh4 b6 6.Be2 Bb7 7.Bf3 Bxf3 8.Nxf3 d5
9.Ne5 Be7 10.Qa4+ Nfd7 11.Bxe7 Qxe7 12.O-O O-O 13.f4 Nxe5 14.fxe5 Nd7 15.Nd2 a6
16.Rf4 b5 17.Qd1 b4 18.e4 bxc3 19.bxc3 Nb6 20.Qg4 cxd4 21.cxd4 Qb4 22.Nf3 Rac8
23.Qg3 Qb2 24.Re1 Rc1 25.exd5 Nxd5 26.Rg4 Ne3 27.Re4 Nf5 28.Qf2 Rc2 29.R4e2 Rfc8
30.d5 exd5 31.g4 Ne7 32.Nd4 Rxe2 33.Rxe2 Qc1+ 34.Kg2 Ng6 35.Re1 Qg5 36.h3 Nf4+  0-1

[Event "FSGM May"]
[Site "Budapest HUN"]
[Date "2008.05.06"]
[Round "4"]
[White "Duong The Anh"]
[Black "Sjugirov,S"]
[Result "0-1"]
[WhiteElo "2403"]
[BlackElo "2492"]

1.d4 Nf6 2.Bg5 e6 3.Nd2 h6 4.Bh4 c5 5.dxc5 Bxc5 6.e4 Nc6 7.Ngf3 d5 8.exd5 exd5
9.Nb3 Bb6 10.c3 O-O 11.Be2 g5 12.Bg3 Ne4 13.Nfd4 f5 14.f4 Ne7 15.Qd3 Ng6
16.O-O-O gxf4 17.Be1 a5 18.Nc2 a4 19.Nbd4 a3 20.b3 Bd7 21.Qf3 Rc8 22.Bb5 Bxb5
23.Nxb5 Rc5 24.Nbxa3 Qf6 25.Nb1 Rfc8 26.h4 Bc7 27.Rh3 Be5 28.Rd3 Qa6 29.Qd1 Qxa2
30.Rxd5 Qxb3 31.Rxc5 Nxc5 32.Qh5 Qe6 33.Nd2 Bg7 34.Bf2 Ne4 35.Nxe4 fxe4 36.Bd4 Ne5
37.Qe2 Qf5 38.Kd1 Rd8 39.Ke1 f3 40.Qf1 Nd3+ 41.Kd1 Qf4 42.Be3 Qg4 43.gxf3 Qxh3
44.Qxh3 Nf2+ 45.Ke2 Nxh3 46.fxe4 Rf8  0-1

[Event "FSGM May"]
[Site "Budapest HUN"]
[Date "2008.05.09"]
[Round "7"]
[White "Duong The Anh"]
[Black "Boros,De"]
[Result "1-0"]
[WhiteElo "2403"]
[BlackElo "2457"]

1.d4 Nf6 2.Bg5 e6 3.e4 h6 4.Bxf6 Qxf6 5.c3 d6 6.Bd3 g6 7.Ne2 e5 8.O-O Bg7
9.Nd2 Nc6 10.d5 Nb8 11.Qa4+ Nd7 12.b4 O-O 13.c4 h5 14.Qc2 h4 15.Nc3 Bh6 16.Be2 Qg5
17.Rad1 a6 18.Nf3 Qe7 19.Rfe1 Re8 20.a3 Nb6 21.Qb3 h3 22.g3 Bg4 23.Kf1 Qf6
24.Rd3 Qe7 25.Ng1 Bd7 26.c5 dxc5 27.d6 Qe6 28.Qxe6 Bxe6 29.bxc5 Nd7 30.c6 Nc5
31.dxc7 Rac8 32.Rd8 Kf8 33.cxb7 Nxb7 34.Rxe8+ Kxe8 35.Bxa6 Rxc7 36.Nd5 Bxd5
37.exd5 Nd6 38.Be2 Ra7 39.Ra1 Ra5 40.a4 Bd2 41.Nxh3 Bb4 42.Rb1 Rxa4 43.Bd1 Ra5
44.Rxb4 Rxd5 45.Bf3 Rd2 46.Ng5 f5 47.h4 Ke7 48.Be2 Rc2 49.Ra4 Rc7 50.Ra6 Rb7
51.Bf3 e4 52.Be2 Rb1+ 53.Kg2 Rb2 54.Ra7+ Kf6 55.Rd7 Rd2 56.Kf1 Rd4 57.Nf7 Nb5
58.Bxb5 Rb4 59.Rb7 Rb2  1-0

[Event "Kaupthing Open"]
[Site "Differdange LUX"]
[Date "2008.05.14"]
[Round "6"]
[White "Papadopoulos,I"]
[Black "Degtiarev,E"]
[Result "1/2-1/2"]
[WhiteElo "2471"]
[BlackElo "2350"]

1.d4 Nf6 2.Bg5 e6 3.Nf3 h6 4.Bxf6 Qxf6 5.e4 d6 6.Nc3 g5 7.h3 Bg7 8.Qd2 Qe7
9.O-O-O a6 10.g4 c5 11.dxc5 dxc5 12.h4 Nc6 13.hxg5 hxg5 14.Rxh8+ Bxh8 15.Qxg5 Qxg5+
16.Nxg5 Bf6 17.Nh3 Bxc3 18.bxc3 e5 19.Bc4 Ke7 20.f3 Be6 21.Bxe6 fxe6 22.Kd2 Rh8
23.Rh1 Kf6 24.Nf2 Rxh1 25.Nxh1 Kg5 26.Nf2 c4 27.Nd1 Na7 28.Ne3 b5 29.Nf1 Nc8
30.Ke3 Nb6 31.Ng3 Na4 32.Kd2 Nc5 33.Nh5 Kg6 34.a3 Na4 35.Ng3 Kg5 36.Ne2 Nb2
37.Kc1 Na4 38.Kd1 Kh4 39.Ke1 Nb2 40.Nc1 Na4 41.Kd2 Kg5 42.Ne2 Nb2 43.Ng3 Na4
44.Nh5 Kg6 45.f4 exf4 46.Nxf4+ Kf6 47.Nh3 e5 48.Ng1 Kg5 49.Ke3 Nxc3 50.Nf3+ Kf6
51.g5+ Ke6 52.g6 Nd1+ 53.Ke2 Nc3+ 54.Ke3 Nd1+ 55.Ke2  1/2-1/2

[Event "43rd Capablanca Memorial Open"]
[Site "Havana CUB"]
[Date "2008.05.15"]
[Round "8"]
[White "Comez Ledo,R"]
[Black "Quesada Perez,Y"]
[Result "1-0"]
[WhiteElo "2404"]
[BlackElo "2311"]

1.d4 Nf6 2.Bg5 e6 3.e4 h6 4.Bxf6 Qxf6 5.c3 d6 6.Nf3 g6 7.Nbd2 Bg7 8.Bd3 e5
9.O-O O-O 10.h3 Qe7 11.Re1 Nc6 12.dxe5 dxe5 13.Nc4 Be6 14.Qc2 Rad8 15.Ne3 Nb8
16.Bc4 Bxc4 17.Nxc4 Nd7 18.Rad1 Nb6 19.Nxb6 axb6 20.Rxd8 Rxd8 21.Rd1 Rxd1+
22.Qxd1 Kh7 23.Qd3 Qe6 24.b3 Qe7 25.Kh2 Qf6 26.g3 Qc6 27.Nd2 b5 28.Nf1 Qc5
29.Ne3 b4 30.cxb4 Qxb4 31.Qd7 Qxe4 32.Qxf7 c5 33.a4 h5 34.Nd5 Kh6 35.Ne7 Qc2
36.h4 Kh7 37.a5 Qe4 38.Nd5 Qd4 39.Nc7 e4 40.Ne6 Qb2 41.Nf8+ Kh8 42.Nxg6+ Kh7
43.Nf8+ Kh8 44.Ng6+ Kh7 45.Ne7 Qe2 46.Qf5+ Kh8 47.Qc8+ Kh7 48.Qxc5  1-0

[Event "Mayors Cup Open"]
[Site "Mumbai IND"]
[Date "2008.05.15"]
[Round "7"]
[White "Kolambkar,C"]
[Black "Divyasri,C"]
[Result "0-1"]
[WhiteElo "1875"]
[BlackElo "2110"]

1.d4 Nf6 2.Bg5 e6 3.e4 h6 4.Bxf6 Qxf6 5.Nc3 d6 6.Bc4 c6 7.Nge2 e5 8.O-O g5
9.Ng3 Nd7 10.Re1 Nb6 11.Nh5 Qg6 12.Bd3 Bd7 13.a4 Be7 14.a5 Nc8 15.dxe5 dxe5
16.a6 b6 17.g4 Nd6 18.Ng3 O-O-O 19.Qe2 Ne8 20.Nd1 Nf6 21.Ne3 Bc5 22.Ngf5 h5
23.b4 Bxb4 24.Reb1 Bc5 25.Nc4 Kc7 26.Nxe5 Qh7 27.Qf3 hxg4 28.Qg3 Nh5 29.Qxg4 Bxf5
30.Qxf5 Qxf5 31.exf5 Rdf8 32.Bc4 Bd4 33.Nxf7 Bxa1 34.Rxa1 Rhg8 35.Rd1 Rg7
36.Nh6 Rf6 37.Ng4 Rxf5 38.Be6 Ra5  0-1

[Event "43rd Capablanca Memorial Open"]
[Site "Havana CUB"]
[Date "2008.05.16"]
[Round "9"]
[White "Stamenkovic,Dr"]
[Black "Hernandez Onna,R"]
[Result "1/2-1/2"]
[WhiteElo "2440"]
[BlackElo "2349"]

1.d4 Nf6 2.Bg5 e6 3.e4 h6 4.Bxf6 Qxf6 5.Nc3 d6 6.Qd2 c6 7.O-O-O e5 8.Nf3 Bg4
9.Be2 Bxf3 10.Bxf3 Qg5 11.Qxg5 hxg5 12.dxe5 dxe5 13.Bg4 Na6 14.Bd7+ Ke7 15.Na4 Rd8
16.Bg4 Rh6 17.Rxd8 Kxd8 18.Rd1+ Rd6  1/2-1/2

[Event "Mayors Cup Open"]
[Site "Mumbai IND"]
[Date "2008.05.17"]
[Round "9"]
[White "Saurabh,K"]
[Black "Harini,S"]
[Result "1-0"]
[WhiteElo "2259"]
[BlackElo "2070"]

1.d4 Nf6 2.Bg5 e6 3.e3 b6 4.Nf3 Bb7 5.Bd3 Be7 6.Nbd2 d5 7.Ne5 O-O 8.Bxf6 Bxf6
9.f4 c5 10.c3 Nd7 11.O-O g6 12.a4 a6 13.Qe2 Bg7 14.Kh1 Qe8 15.a5 c4 16.Bc2 b5
17.e4 Nf6 18.f5 dxe4 19.fxg6 hxg6 20.Nxe4 Nxe4 21.Bxe4 Qe7 22.Nc6 Bxc6 23.Bxc6 Rab8
24.Bf3 Qc7 25.d5 e5 26.d6 Qxd6 27.Rad1 Qc7 28.Bd5 Qxa5 29.Qg4 Rbd8 30.Bxf7+ Rxf7
31.Qe6 Bf6 32.Ra1 Qc7 33.Rxf6 Qd7 34.Rxg6+ Kf8 35.h3 Qxe6 36.Rxe6 Rd2 37.Rxe5 Rxb2
38.Rxa6 Rff2 39.Rg5 b4 40.cxb4 c3 41.Rc6 c2 42.Kh2 Rxb4 43.Rc7 Rb1 44.Ra5 Re1
45.Ra8+ Re8 46.Rxe8+ Kxe8 47.h4 Kd8 48.Rc4 Ke7 49.Kh3 Kf6 50.Rc5 Kg6 51.g4 Rd2
52.Rc6+ Kg7 53.h5 Rd3+ 54.Kh4 Rd2 55.Rc7+ Kf6 56.Rc6+ Kg7 57.h6+ Kh7 58.Kh5 Rh2+
59.Kg5 Rd2 60.Rc7+ Kg8 61.Kg6 Rd6+ 62.Kh5 Rd5+ 63.g5 Rd2 64.g6 Rh2+ 65.Kg5 Rg2+
66.Kf5 Rf2+ 67.Ke4 Rf6 68.Rc8+ Rf8 69.h7+ Kg7 70.Rxf8  1-0

[Event "III President's Cup"]
[Site "Baku AZE"]
[Date "2008.05.18"]
[Round "7"]
[White "Aleksandrov,A"]
[Black "Gelashvili,T"]
[Result "1/2-1/2"]
[WhiteElo "2582"]
[BlackElo "2622"]

1.d4 Nf6 2.Bg5 e6 3.Nd2 h6 4.Bh4 c5 5.e3 Be7 6.c3 b6 7.e4 cxd4 8.cxd4 O-O
9.Ngf3 d5 10.e5 Ne4 11.Bxe7 Qxe7 12.Rc1 Bb7 13.Bd3 Na6 14.a3 Rac8 15.O-O Rxc1
16.Qxc1 Rc8 17.Qe1 Nxd2 18.Qxd2 Nb8 19.Rc1 Rxc1+ 20.Qxc1 Qd7 21.h4 Qc8 22.Qxc8+ Bxc8
23.b4 Na6 24.Kf1 Nc7 25.Ke2 Bd7 26.Kd2 Kf8 27.Ne1 Bb5 28.Bc2 Bc4 29.a4 Ke7
30.g4 a5 31.b5  1/2-1/2

[Event "TCh-HUN 2007-8"]
[Site "Budapest HUN"]
[Date "2008.05.18"]
[Round "11"]
[White "Vass,F"]
[Black "Kiss,At"]
[Result "1/2-1/2"]
[WhiteElo "2417"]
[BlackElo "2383"]

1.d4 Nf6 2.Bg5 e6 3.Nf3 h6 4.Bh4 b6 5.Nbd2 Bb7 6.e3 d6 7.Bd3 g5 8.Bg3 g4
9.Nh4 Rg8 10.h3 Nh5 11.hxg4 Nxg3 12.fxg3 Qg5 13.Nf1 Nd7 14.Nf3 Qxg4 15.Qe2 O-O-O
16.a4 e5 17.Rh4 Qe6 18.Ba6 e4 19.N3d2 d5 20.a5 Nb8 21.Bxb7+ Kxb7 22.axb6 axb6
23.Qb5  1/2-1/2

[Event "Guillermo Garcia Mem"]
[Site "Santa Clara CUB"]
[Date "2008.05.19"]
[Round "1"]
[White "Stamenkovic,Dr"]
[Black "Arencibia Rodriguez,W"]
[Result "1/2-1/2"]
[WhiteElo "2440"]
[BlackElo "2534"]

1.d4 Nf6 2.Bg5 e6 3.Nf3 c5 4.e3 cxd4 5.exd4 Be7 6.c3 b6 7.Bd3 Bb7 8.Nbd2 Nc6
9.O-O O-O 10.Re1 h6 11.Bxf6 Bxf6 12.Qe2 Ne7 13.Ne5 d6 14.Ng4 Bg5 15.g3 Nd5
16.Nf1 Nc7 17.f4 Be7 18.f5 Bg5 19.Be4 Bxe4 20.Qxe4 exf5 21.Qxf5 g6 22.Qf3 f5
23.Nf2 f4 24.Ne4 Qd7 25.Re2 fxg3 26.Qxg3 Nd5 27.Nxg5 Nf4 28.Re3 hxg5 29.Qxg5 Rae8
30.Kh1 Rxe3 31.Nxe3 Qe6 32.Ng2 Nh3 33.Qg3 Qf5 34.Nh4 Qe4+ 35.Ng2 Qf5 36.Nh4 Qe4+
37.Ng2 Qf5  1/2-1/2

[Event "Guillermo Garcia Mem"]
[Site "Santa Clara CUB"]
[Date "2008.05.25"]
[Round "7"]
[White "Stamenkovic,Dr"]
[Black "Quezada Perez,Y"]
[Result "0-1"]
[WhiteElo "2440"]
[BlackElo "2567"]

1.d4 Nf6 2.Bg5 e6 3.e4 h6 4.Bxf6 Qxf6 5.Nc3 Bb4 6.Qd2 d6 7.a3 Ba5 8.f4 e5
9.b4 Bb6 10.Nd5 Qd8 11.Nf3 Bg4 12.Nxb6 axb6 13.fxe5 Bxf3 14.gxf3 dxe5 15.dxe5 Qh4+
16.Qf2 Qf4 17.Bb5+ Nc6 18.O-O Qxe5 19.Bxc6+ bxc6 20.Rfd1 O-O 21.Qd4 Qf4 22.Rd3 Rfe8
23.Kh1 Re5 24.Rg1 Rg5 25.Rxg5 hxg5 26.Qc3 Re8 27.Qxc6 Re6 28.Qa8+ Kh7 29.Qd5 g6
30.Kg2 g4 31.Qd7 Re5 32.Kf1 Rxe4 33.c3 Kg7 34.a4 gxf3  0-1

[Event "XXVII Open"]
[Site "Zalakarosi HUN"]
[Date "2008.05.28"]
[Round "7"]
[White "Vartsaba,A"]
[Black "Szentmihalyi,D"]
[Result "0-1"]
[WhiteElo "2073"]
[BlackElo "1956"]

1.d4 Nf6 2.Bg5 e6 3.e3 c5 4.c3 d5 5.Nd2 Be7 6.Bxf6 Bxf6 7.Ngf3 O-O 8.Bd3 b6
9.O-O Nc6 10.Re1 Qc7 11.h3 Bb7 12.Bb1 Rac8 13.Nf1 Rfd8 14.Qd3 g6 15.N1h2 Bg7
16.Bc2 e5 17.Nxe5 Bxe5 18.dxe5 d4 19.f4 Ne7 20.cxd4 cxd4 21.Bb3 dxe3 22.Qxe3 Nf5
23.Qf2 Rd3 24.e6 Rg3 25.exf7+ Kf8 26.Re8+ Rxe8 27.fxe8=Q+ Kxe8 28.Re1+ Kf8
29.Re5 Qc1+ 30.Nf1 Rxg2+ 31.Qxg2 Bxg2 32.Kxg2 Qxf4 33.Rd5 Nh4+ 34.Kg1 Nf3+
35.Kg2 Nh4+ 36.Kg1 Nf5 37.Rd2 Kg7 38.Bd1 Ne3 39.Nxe3 Qxe3+ 40.Rf2 Qe1+ 41.Rf1 Qg3+
42.Kh1 Qxh3+ 43.Kg1 Qg3+ 44.Kh1 h5 45.Bb3 h4 46.Bd5 Qd3  0-1

[Event "Doroshkevich mem"]
[Site "Maykop RUS"]
[Date "2008.06.01"]
[Round "9"]
[White "Korobkov,P"]
[Black "Anoshkin,A1"]
[Result "1-0"]
[WhiteElo "2508"]
[BlackElo "2379"]

1.d4 Nf6 2.Bg5 e6 3.e4 h6 4.Bxf6 Qxf6 5.c3 d6 6.Bd3 b6 7.Ne2 Bb7 8.O-O Nd7
9.Nd2 g6 10.f4 Qe7 11.e5 Bg7 12.Be4 Bxe4 13.Nxe4 f5 14.exf6 Nxf6 15.Nxf6+ Bxf6
16.Ng3 O-O 17.Qg4 Qf7 18.Rae1 Rae8 19.Ne4 Bg7 20.Qe2 Qd7 21.Qd3 a5 22.Nd2 Rf6
23.g3 Qf7 24.Nf3 Rf8 25.Kg2 Rf5 26.a3 Re8 27.Qe4 Rf6 28.Ne5 dxe5 29.dxe5 Rf5
30.g4 g5 31.gxf5 exf5 32.e6 fxe4 33.exf7+ Kxf7 34.fxg5+ Kg6 35.Rf4 hxg5 36.Rfxe4 Rd8
37.Re6+ Kf5 38.Re7 Rd2+ 39.R1e2 Rxe2+ 40.Rxe2 g4 41.Rf2+ Kg5 42.Rf7 Be5 43.a4 Kg6
44.Rf1 Kg5 45.h3 gxh3+ 46.Kxh3 Bf4 47.Kg2 Kf5 48.Kf3 Bd6 49.Re1 Be5 50.Ke3 Ke6
51.Ke4 Bd6 52.Rh1 Kd7 53.Kd5 c6+ 54.Kc4 Bc7 55.Rh7+ Kd6 56.Rh6+ Kd7 57.Rg6 Be5
58.b4 axb4 59.cxb4 Kc7 60.b5 cxb5+ 61.axb5 Kb7 62.Kd5  1-0

[Event "ch-CHN w"]
[Site "Beijing CHN"]
[Date "2008.06.02"]
[Round "5"]
[White "Tan Zhongyi"]
[Black "Zhao Xue"]
[Result "1/2-1/2"]
[WhiteElo "2353"]
[BlackElo "2523"]

1.d4 Nf6 2.Bg5 e6 3.e4 h6 4.Bxf6 Qxf6 5.Nc3 Bb4 6.Nf3 d5 7.Bd3 dxe4 8.Bxe4 O-O
9.O-O Nd7 10.Ne2 e5 11.c3 Bd6 12.Ng3 exd4 13.Nh5 Qe6 14.Re1 Qg4 15.Nxd4 Qxd1
16.Raxd1 g6 17.Ng3 a6 18.Nb3  1/2-1/2

[Event "115th ch-SCO"]
[Site "Glasgow SCO"]
[Date "2008.06.06"]
[Round "2"]
[White "Nickl,K"]
[Black "Coleman,R"]
[Result "1/2-1/2"]
[WhiteElo "2149"]
[BlackElo "2018"]

1.d4 Nf6 2.Bg5 e6 3.e4 h6 4.Bxf6 Qxf6 5.c3 b6 6.Bd3 Bb7 7.Ne2 Nc6 8.O-O O-O-O
9.b4 h5 10.Nd2 g5 11.a4 g4 12.a5 Bh6 13.axb6 axb6 14.Ba6 Bxa6 15.Rxa6 Bxd2
16.Qxd2 d5 17.Ra8+ Kd7 18.Rxd8+ Rxd8 19.exd5 exd5 20.Qf4 Qe6 21.Ng3 Rh8 22.f3 h4
23.Nf5 gxf3 24.Qxf3 Rh7 25.Ne3 Ne7 26.Ng4 Kc8 27.Nf6 Rg7 28.c4 h3 29.g3 c6
30.cxd5 Nxd5 31.Nxd5 cxd5 32.Qc3+ Kb7 33.Re1 Qd6 34.Re8 Qc7 35.Qa3 Kc6 36.Ra8 Kd6
37.b5+ Ke6 38.Re8+ Kf6 39.Qf3+ Kg6 40.Qg4+ Kf6 41.Qxh3 Qc1+ 42.Qf1+ Qxf1+
43.Kxf1 Rg4 44.Rb8 Rxd4 45.Rxb6+ Kg5 46.Kg2 Rd2+ 47.Kh3 Rb2 48.Rb8 d4 49.Rd8 Rxb5
50.Rxd4 f5 51.Rd8 Rb2 52.Rd1 Ra2 53.Rg1 Rb2 54.Rg2 Rxg2 55.Kxg2 f4 56.Kf3 fxg3
57.hxg3 Kf5  1/2-1/2

[Event "ch-CHN w"]
[Site "Beijing CHN"]
[Date "2008.06.08"]
[Round "11"]
[White "Tan Zhongyi"]
[Black "Wang Xiaohui"]
[Result "1-0"]
[WhiteElo "2353"]
[BlackElo "2211"]

1.d4 Nf6 2.Bg5 e6 3.e4 h6 4.Bxf6 Qxf6 5.Nf3 d6 6.Nc3 Nc6 7.Qd2 Bd7 8.O-O-O O-O-O
9.d5 Ne7 10.Qe3 Kb8 11.e5 Qg6 12.exd6 cxd6 13.dxe6 Qxe6 14.Qd2 Nc6 15.Bb5 g5
16.Rhe1 Qg6 17.Bxc6 bxc6 18.Re3 Bg7 19.Nd5 Bc8 20.Rb3+ Bb7 21.Rxb7+ Kxb7
22.Qb4+  1-0

[Event "FSGM June"]
[Site "Budapest HUN"]
[Date "2008.06.08"]
[Round "2"]
[White "Bui Vinh"]
[Black "Paschall,W"]
[Result "1-0"]
[WhiteElo "2448"]
[BlackElo "2330"]

1.d4 Nf6 2.Bg5 e6 3.e4 h6 4.Bxf6 Qxf6 5.Nf3 d6 6.Nc3 Qd8 7.Bd3 Nd7 8.Qe2 c6
9.O-O e5 10.Rad1 Be7 11.Bc4 Qc7 12.d5 O-O 13.h3 a5 14.Nh2 Nc5 15.a4 Qb6 16.b3 Kh8
17.Ng4 Qb4 18.Na2 Qb6 19.Nc3 Qb4 20.Qd2 Bg5 21.Ne3 Rd8 22.Qe1 g6 23.dxc6 bxc6
24.Bxf7 Nxe4 25.Nxe4 Qxe4 26.Nc4 Qxe1 27.Rfxe1 Kg7 28.Nxd6 Rxd6 29.Rxd6 Kxf7
30.Rxc6 Bf6 31.Rd1 Bf5 32.Rc7+ Ke6 33.f3 Bd8 34.Rc6+ Ke7 35.Rd5 Kf7 36.g4  1-0

[Event "ch-Panamerican U20"]
[Site "Cali COL"]
[Date "2008.06.10"]
[Round "1"]
[White "Ordinola Capcha,J"]
[Black "Lemos,D"]
[Result "0-1"]
[WhiteElo "2031"]
[BlackElo "2458"]

1.d4 Nf6 2.Bg5 e6 3.e4 h6 4.Bxf6 Qxf6 5.Nf3 d6 6.Nc3 Nd7 7.Qd2 a6 8.O-O-O Qd8
9.Kb1 c5 10.Be2 Be7 11.h4 b5 12.g4 Bb7 13.Qf4 cxd4 14.e5 dxe5 15.Nxe5 Nxe5
16.Rxd4 Qb8 17.Re1 Nc6  0-1

[Event "ch-FIN"]
[Site "Mantta FIN"]
[Date "2008.06.10"]
[Round "9"]
[White "Karttunen,M"]
[Black "Tuominen,R"]
[Result "1-0"]
[WhiteElo "2414"]
[BlackElo "2296"]

1.d4 Nf6 2.Bg5 e6 3.e4 h6 4.Bxf6 Qxf6 5.e5 Qd8 6.f4 c5 7.d5 d6 8.Nc3 a6 9.Bc4 b5
10.dxe6 bxc4 11.exf7+ Ke7 12.Qd5 Ra7 13.O-O-O Be6 14.exd6+ Kxf7 15.Qxc5 Rb7
16.Nf3 Qb6 17.Qh5+ Kg8 18.Qe5 Bf7 19.Nd5 Bxd6 20.Nxb6 Bxe5 21.Nxe5 c3 22.b3 Bxb3
23.cxb3 Rxb6 24.Rd3 Kh7 25.Rxc3 a5 26.a3 Rf8 27.Rf1 Rb5 28.Rff3 Na6 29.Kc2 Rb7
30.Nc6 Rb5 31.g4 Nc7 32.Nd4 Rb7 33.Rc5 Rd8 34.Nc6 Re8 35.Nxa5 Ra7 36.Kc3 Ne6
37.Re5 Rc8+ 38.Nc4 Nc5 39.Rfe3 Rb7 40.Kb2 Rd7 41.Re8 Rcc7 42.f5 Nd3+ 43.Kc2 Nf4
44.R8e4 g5 45.fxg6+ Nxg6 46.Rd3 Rf7 47.a4 Ne7 48.b4 Nc6 49.Kb3 Rf1 50.b5 Rb1+
51.Ka2 Rxb5 52.axb5 Nb4+ 53.Ka3 Nxd3 54.b6 Rb7 55.Rd4 Nc5 56.Kb4 Nd7 57.Rd6 Nxb6
58.Nxb6 Rb8 59.h4 Rf8 60.Rd7+ Kg6 61.Nd5 Rf1 62.h5+ Kg5 63.Rg7+ Kh4 64.Rg6 Rf8
65.Nf6 Rh8 66.Kc5  1-0

[Event "FSGM June"]
[Site "Budapest HUN"]
[Date "2008.06.11"]
[Round "5"]
[White "Duong The Anh"]
[Black "Fogarasi,T"]
[Result "0-1"]
[WhiteElo "2403"]
[BlackElo "2426"]

1.d4 Nf6 2.Bg5 e6 3.e4 h6 4.Bxf6 Qxf6 5.c3 d6 6.Bd3 Qg5 7.g3 e5 8.Nd2 Nc6
9.d5 Nb8 10.Qa4+ Nd7 11.Ne2 g6 12.O-O-O Bg7 13.h4 Qe7 14.h5 O-O 15.hxg6 fxg6
16.Rdf1 Nc5 17.Qc2 Bd7 18.Kb1 b5 19.f4 c6 20.Ka1 cxd5 21.fxe5 Qxe5 22.Nd4 dxe4
23.Nxe4 Nxd3 24.Qxd3 b4 25.Nf3 Qe7 26.Nh4 Qe6 27.Re1 Rae8 28.Ng2 bxc3 29.Nxc3 Qf6
30.Rxe8 Rxe8 31.Nf4 Bf5 32.Qb5 Qe5 33.Qb3+ Kh7 34.Rd1 Rc8 35.Nfe2 Bg4 36.Qc2 Bxe2
37.Qxe2 Qxe2 38.Nxe2 Rc2 39.Nc3 Be5 40.Kb1 Rg2 41.Rd5 h5 42.Ra5 Rxg3 43.Rxa7+ Kh6
44.Ne4 Rg2 45.a4 h4 46.Rb7 h3  0-1

[Event "ch-Panamerican U20"]
[Site "Cali COL"]
[Date "2008.06.12"]
[Round "5"]
[White "Ordinola Capcha,J"]
[Black "Guerrero,JuC"]
[Result "0-1"]
[WhiteElo "2031"]
[BlackElo "2232"]

1.d4 Nf6 2.Bg5 e6 3.Nf3 c5 4.e3 Qa5+ 5.c3 Ne4 6.Bf4 cxd4 7.exd4 Nc6 8.Bd3 d5
9.O-O Be7 10.Bxe4 dxe4 11.Nfd2 Qf5 12.Bc7 Qg6 13.Qe2 f5 14.Nc4 O-O 15.Nbd2 Qe8
16.Ne5 Bd7 17.Nxc6 Bxc6 18.Be5 Rc8 19.Qe3 g5 20.Rfe1 Qg6 21.f4 exf3 22.Nxf3 f4
23.Qf2 g4 24.Nd2 Bg5 25.Bd6 Rf7 26.Nc4 Qh5 27.Ne5 Bh4 28.g3 Bxg3 29.Qc2 f3  0-1

[Event "115th ch-SCO"]
[Site "Glasgow SCO"]
[Date "2008.06.12"]
[Round "8"]
[White "Nickl,K"]
[Black "Marks,I"]
[Result "1-0"]
[WhiteElo "2149"]
[BlackElo "1899"]

1.d4 Nf6 2.Bg5 e6 3.e4 h6 4.Bxf6 Qxf6 5.c3 d5 6.e5 Qd8 7.Nf3 c5 8.a3 Nc6
9.b4 cxd4 10.cxd4 Bd7 11.Be2 Rc8 12.O-O Be7 13.Nbd2 O-O 14.Nb3 f6 15.exf6 Bxf6
16.Rc1 Be8 17.b5 Ne7 18.Nc5 Qb6 19.a4 Nf5 20.Qd2 Bd8 21.Ne5 Qa5 22.Qxa5 Bxa5
23.Nxe6 Rxc1 24.Rxc1 Rf6 25.Bd3 Ne7 26.Nc5 Bb6 27.Ned7 Bxd7 28.Nxd7 Rf4 29.Nxb6 axb6
30.Rd1 Nf5 31.Bxf5 Rxf5 32.Kf1 Rf8 33.Ke2 Rc8 34.Kd3 Rc4 35.Re1 Rxa4 36.Re5 Ra3+
37.Ke2 Kf7 38.Rxd5 Ke6 39.Re5+ Kd6 40.h4 Ra2+ 41.Ke3 Ra3+ 42.Ke4 Ra2 43.Rf5 Ke6
44.g4 Rb2 45.h5 Re2+ 46.Kd3 Ra2 47.f3 Rb2 48.Re5+ Kd6 49.Ke4 Rf2 50.f4 Rh2
51.Kf5 Rg2 52.Re6+ Kd5  1-0

[Event "IM"]
[Site "Danang VIE"]
[Date "2008.06.13"]
[Round "5"]
[White "Elorta,D"]
[Black "Nguyen Van Huy"]
[Result "0-1"]
[WhiteElo "2409"]
[BlackElo "2369"]

1.d4 Nf6 2.Bg5 e6 3.Nf3 c5 4.c3 cxd4 5.cxd4 Qa5+ 6.Bd2 Bb4 7.Nc3 O-O 8.e4 d5
9.e5 Ne4 10.Bd3 Nxd2 11.Qxd2 b6 12.h4 Ba6 13.Rh3 Rc8 14.Ng1 Bxd3 15.Rxd3 Nd7
16.Nge2 b5 17.Kf1 Bf8 18.Nf4 Rc6 19.Rg3 Rac8 20.Nh5 g6 21.Kg1 b4 22.Nd1 Qd8
23.Qf4 Qe7 24.Ne3 Kh8 25.Nf6 Nxf6 26.exf6 Qd6 27.Qf3 Rc1+ 28.Rxc1 Rxc1+ 29.Kh2 h5
30.Ng4 hxg4 31.Qe3 Qc7 32.h5 Kh7 33.Qg5 Bd6 34.Qxg4 Bxg3+ 35.fxg3 Qc2 36.Qf4 Qd1
37.g4 Qg1+ 38.Kg3 Rf1  0-1

[Event "4th Open"]
[Site "Lodi ITA"]
[Date "2008.06.13"]
[Round "1"]
[White "Peredy,F"]
[Black "Martino,A"]
[Result "1-0"]
[WhiteElo "2268"]
[BlackElo "2017"]

1.d4 Nf6 2.Bg5 e6 3.e4 Be7 4.Bd3 h6 5.Bh4 d5 6.e5 Nfd7 7.Bxe7 Qxe7 8.c3 c5
9.Ne2 Nc6 10.Nd2 b6 11.O-O Bb7 12.f4 c4 13.Bc2 g6 14.b3 cxb3 15.axb3 Na5
16.Bd3 O-O 17.Rf3 Rfe8 18.g4 Nc6 19.Rg3 Kg7 20.Nf3 f6 21.h4 fxe5 22.fxe5 Rf8
23.g5 h5 24.Qd2 Qf7 25.Rf1 Ne7 26.Nh2 Nf5 27.Bxf5 exf5 28.Nf4 Nb8 29.Re3 Na6
30.Nf3 Kh7 31.e6 Qe7 32.Ne5 Rg8 33.Qe2  1-0

[Event "4th Open"]
[Site "Lodi ITA"]
[Date "2008.06.15"]
[Round "5"]
[White "Peredy,F"]
[Black "Bonade,M"]
[Result "1/2-1/2"]
[WhiteElo "2268"]
[BlackElo "2135"]

1.d4 Nf6 2.Bg5 e6 3.e4 h6 4.Bxf6 Qxf6 5.Nf3 d6 6.Qd2 Nd7 7.Nc3 a6 8.a4 Qd8
9.Bc4 Be7 10.O-O O-O  1/2-1/2

[Event "8th TCh-Euro U18"]
[Site "Szeged HUN"]
[Date "2008.06.17"]
[Round "4"]
[White "Martinovic,Sa"]
[Black "Recuero Guerra,D"]
[Result "1/2-1/2"]
[WhiteElo "2403"]
[BlackElo "2411"]

1.d4 Nf6 2.Bg5 e6 3.e4 h6 4.Bxf6 Qxf6 5.c3 d6 6.Bd3 g6 7.Ne2 Bg7 8.O-O e5
9.f4 Qe7 10.Nd2 O-O 11.Nf3 Nd7 12.Kh1 Kh7 13.Qd2 b6 14.Rae1 Bb7 15.Ng3 a6
16.Re2 c5 17.Bc4 cxd4 18.cxd4 exd4 19.Nxd4 Nf6 20.Rfe1 Rfe8 21.Bb3 Rad8  1/2-1/2

[Event "Open"]
[Site "Teplice CZE"]
[Date "2008.06.18"]
[Round "5"]
[White "Dolezal,Ra1"]
[Black "Vagner,T"]
[Result "0-1"]
[WhiteElo "2420"]
[BlackElo "2237"]

1.d4 Nf6 2.Bg5 e6 3.e4 h6 4.Bxf6 Qxf6 5.Nf3 d5 6.e5 Qe7 7.Nbd2 Qb4 8.Bd3 Qxb2
9.O-O c6 10.c4 Qa3 11.Qc2 Na6 12.Be2 Nb4 13.Qb1 Be7 14.Rc1 O-O 15.Nb3 b6
16.cxd5 cxd5 17.Rc3 Ba6 18.Bxa6 Nxa6 19.Qc2 Qa4 20.a3 Qd7 21.Nbd2 Rac8 22.Rc1 Rxc3
23.Qxc3 Qa4 24.h3 b5 25.Ra1 Nb8 26.Qc7 Bxa3 27.Qb7 a5 28.Rb1 Bb4 29.Rc1 Bxd2
30.Nxd2 Qxd4 31.Nf3 Qb2 32.Rc5 b4 33.Rxa5 Qc1+ 34.Kh2 Nc6 35.Ra6 Qf4+ 36.Kg1 Nxe5
37.Nxe5 Qxe5 38.Qxb4 Rb8 39.Rb6 Rxb6 40.Qxb6 d4 41.Qb1 Qe2  0-1

[Event "22th Open"]
[Site "Pula CRO"]
[Date "2008.06.24"]
[Round "4"]
[White "Pelagatti,A"]
[Black "Nikolov,Sas"]
[Result "0-1"]
[WhiteElo "2138"]
[BlackElo "2407"]

1.d4 Nf6 2.Bg5 e6 3.c4 h6 4.Bh4 c5 5.e3 cxd4 6.exd4 Qb6 7.Qb3 Qxd4 8.Nf3 Qb6
9.Qxb6 axb6 10.Nbd2 Nc6 11.a3 d6 12.h3 g5 13.Bg3 e5 14.Bd3 Nh5 15.Be4 f5
16.Bd5 Nb4 17.Ke2 Nxd5 18.cxd5 Nf6 19.Rhd1 Nxd5 20.Nc4 Be6  0-1

[Event "White Nights Open"]
[Site "St Petersburg RUS"]
[Date "2008.06.24"]
[Round "4"]
[White "Yevseev,D"]
[Black "Ivkina,O"]
[Result "1-0"]
[WhiteElo "2512"]
[BlackElo "2278"]

1.d4 Nf6 2.Bg5 e6 3.Nd2 d5 4.e3 Be7 5.Ngf3 O-O 6.Bd3 h6 7.Bh4 b6 8.Qe2 Bb7
9.O-O Ne4 10.Bxe7 Qxe7 11.Ne5 Nxd2 12.Qxd2 Nd7 13.f4 Nxe5 14.fxe5 f6 15.exf6 Rxf6
16.Rxf6 gxf6 17.Rf1 Rf8 18.Rf4 f5 19.g4 c5 20.c3 Rf7 21.gxf5 Rg7+ 22.Kh1 exf5
23.Bxf5 cxd4 24.cxd4 Ba6 25.Bh3 h5 26.Bg2 Qg5 27.h4 Qd8 28.Qd1 Rh7 29.Qc2 Bb7
30.Qg6+ Rg7 31.Qxh5  1-0

[Event "International Open"]
[Site "Philadelphia USA"]
[Date "2008.06.30"]
[Round "9"]
[White "Cheng,Bi"]
[Black "Laxman,R"]
[Result "1/2-1/2"]
[WhiteElo "2294"]
[BlackElo "2488"]

1.d4 Nf6 2.Bg5 e6 3.c3 c5 4.Nf3 Qb6 5.Nbd2 d5 6.Qb3 Nbd7 7.e3 h6 8.Bh4 g5
9.Bg3 Nh5 10.Qxb6 axb6 11.Bc7 c4 12.a3 f5 13.Be2 Nhf6 14.Ne5 Nxe5 15.Bxe5 Be7
16.h3 b5 17.Rc1 O-O 18.Bxf6 Bxf6 19.O-O Bd7 20.f4 Be8 21.Kh2 Kh7 22.Nf3 Rg8
23.Ne5 h5 24.g3 g4  1/2-1/2

[Event "TCh-TUR"]
[Site "Kocaeli TUR"]
[Date "2008.07.01"]
[Round "14"]
[White "Tasdelen,D"]
[Black "Yildirim,F"]
[Result "1-0"]
[WhiteElo "1977"]
[BlackElo "1714"]

1.d4 Nf6 2.Bg5 e6 3.e4 Be7 4.Bd3 c5 5.Nf3 cxd4 6.Nxd4 d6 7.O-O a6 8.a4 b6
9.Nc3 Bb7 10.f4 Nbd7 11.Qf3 Nc5 12.Rae1 Qc7 13.Qe2 Nxd3 14.Qxd3 h6 15.Bh4 Rd8
16.Nxe6 fxe6 17.e5 O-O 18.exf6 Bxf6 19.Bxf6 Rxf6 20.Ne4 Rf5 21.Ng3 Qc6 22.Re2 Rf7
23.Qg6 Rf6 24.Qg4 Kh7 25.Qh4 Rdf8 26.Ne4 Rg6 27.Qh5 Rf5 28.Ng5+ Rgxg5 29.fxg5 Rxg5
30.Qh3 e5 31.b3 Qd5 32.Qd3+ Qxd3 33.cxd3 Bd5 34.Rb2 Rg4 35.g3 Rd4 36.Rd1 e4
37.Kf2 exd3 38.Ke3 Re4+ 39.Kxd3 Re6 40.Rdd2 Be4+ 41.Kd4 d5 42.Rf2 Re7 43.Rbe2 Rc7
44.Re3 Rc1 45.Rd2 Rb1 46.Rc3 h5 47.h4 Bh1 48.Ke5 Re1+ 49.Kd6 Rb1 50.Kc7 b5
51.axb5 axb5 52.Kb6 b4 53.Re3 Be4 54.Kb5 g5 55.Kxb4 gxh4 56.gxh4 Rh1 57.Kc5 Rxh4
58.b4 Bh1 59.Rd4 Rh2 60.b5 Rc2+ 61.Kb4 Bg2 62.b6 Rc4+ 63.Rxc4 dxc4 64.Kxc4 Kh6
65.Kd3 h4 66.Ke2 Kg5 67.Kf2 Ba8 68.Re8 Bc6 69.Kg1 Kg4 70.Kh2  1-0